| 000 | 00748nam2a2200217 4500 | ||
|---|---|---|---|
| 001 | RU\NLR\BIBL_A\011646410 | ||
| 005 | 20250626103337.0 | ||
| 035 | _a(NLR Aleph) 011646410 | ||
| 090 |
_a11107191 _c11107191 |
||
| 100 | _a20180302d2006 |||y0rusy50 ca | ||
| 101 | 0 | _arus | |
| 102 | _aRU | ||
| 200 | 1 |
_aКайф вечный _fВладимир Рекшан |
|
| 210 |
_d2006 _aБ. м. |
||
| 461 | 0 |
_1001RU\NLR\INFOCOMM20\5000025089 _12001#$aFuzz$eМуз. журн.$v2006, № 7/1 (спец. номер) _94656570 _cСПб. _d1996 - _nДолгов _oМуз. журн. _tFuzz _v2006, № 7/1 (спец. номер) |
|
| 700 | 1 |
_aРекшан _bВ. _gВладимир |
|
| 852 |
_aNLR _jП32/404 |
||
| 942 | _cISSUE | ||
| 980 | _aNB | ||
| 980 | _aRUSPER | ||